00281nam a22001097a 4500020001800000082001900018100001800037245003800055260005700093300000800150650001300158 a9789385288661 a294.509 DON C1 aDoniger wendy aThe Hindus an alternative history aNew Delhibspeaking tiger Publishing Pvt . Ltdc2015 a779 aHinduism